000 00501nam a2200193Ia 4500
003 GCL
008 140319s9999 xx 000 0 eng d
020 _a071051654 1
040 _aGCL /
_cGCL
082 0 4 _aCH
_b823
_bG L
100 1 _aGOOL, VAN
245 1 0 _aTHE LITTLE MERMAID /
_cGOOL, VAN
260 _aانجلترا :
_bPETER HODDOCK PUBLISHING ،
_c2006
300 _a23 CM
650 0 4 _aENGLISH LITERATURE
650 0 4 _aENGLISH FICTION
650 0 4 _aCHILDREN - FICTION
942 _2ddc
_cBK
999 _c9181
_d9181